The miracle of language

Welcome to Richard Lederer's beguiling celebration of language -- of our ability to utter, write, and receive words. No purists need stop here. Mr. Lederer is no linguistic sheriff organizing posses to hunt down and string up language offenders. Instead, join him "In Praise of English"...

Cur síos iomlán

Đã lưu trong:
Sonraí Bibleagrafaíochta
Príomhúdar: Lederer, Richard
Formáid: Leabhar
Teanga:Undetermined
Foilsithe: New York Pockets Books 1991
Ábhair:
Clibeanna: Cuir Clib Leis
Gan Chlibeanna, Bí ar an gcéad duine leis an taifead seo a chlibeáil!
Thư viện lưu trữ: Trung tâm Học liệu Trường Đại học Cần Thơ
LEADER 00968nam a2200205Ia 4500
001 CTU_223385
008 210402s9999 xx 000 0 und d
082 |a 420.2 
082 |b L473 
100 |a Lederer, Richard 
245 4 |a The miracle of language 
245 0 |c Richard Lederer 
260 |a New York 
260 |b Pockets Books 
260 |c 1991 
520 |a Welcome to Richard Lederer's beguiling celebration of language -- of our ability to utter, write, and receive words. No purists need stop here. Mr. Lederer is no linguistic sheriff organizing posses to hunt down and string up language offenders. Instead, join him "In Praise of English" and discover why the tongue described in Shakespeare's day as "of small reatch" has become the most widely spoken language in history:.. 
650 |a English language,Ngôn ngữ Anh 
650 |x Style,Phong cách 
904 |i Vũ Anh, Giang 
980 |a Trung tâm Học liệu Trường Đại học Cần Thơ